Word Addition Click Quiz #7 - Statistics

General Stats
  • This quiz has been taken 4,652 times
    4,619 since last reset
  • The average score is 16 of 20
Answer Stats
Hint Extra Hint Answer % Correct
CRED + IT
93%
CARDIO + GRAM
91%
PLANT + AIN
90%
SIM + PLY
90%
BEG + INNER
88%
BEEFS + TEAK
88%
STUB + BY
87%
CEL + LO
87%
DIS + EASE
86%
TOADS + TOOL
86%
MANS + LAUGHTER
85%
WINGS + PAN
85%
MARIA + CHI
81%
COVERS + LIP
79%
SEX + TET
79%
EPIC + ENTER
78%
BET + RAY
78%
TAW + DRY
67%
BRIE + FEST
66%
SEA + MY
56%
No matching quizzes found
Score Distribution
Percent of People with Each Score
Percentile by Number Answered
Your Score History
You have not taken this quiz since the last reset